| 000 | 00910nam a2200289 a 4500 | ||
|---|---|---|---|
| 003 | MX-MxUPN | ||
| 005 | 20250520063822.0 | ||
| 008 | 190805t2017 fr a rb 001 0 eng d | ||
| 020 | _a9789231002397 | ||
| 035 | _aUPN01000231804 | ||
| 040 |
_aMX-MxUPN _bspa _cMX-MxUPN |
||
| 041 | 0 | _aeng | |
| 050 | 1 | 4 |
_aLB2806.22 _bA26 2017 |
| 245 | 0 | 0 |
_aAccountability in education : _bmeeting our commitments |
| 250 | _aSecond edition | ||
| 260 |
_aParís : _bUNESCO, _c©2017. |
||
| 300 |
_a486 páginas : _bilustraciones |
||
| 490 | 0 |
_aGlobal education monitoring report ; _v2017/8 |
|
| 504 | _aIncluye referencias bibliográficas e índice. | ||
| 650 | 4 |
_aEducación y Estado _919 |
|
| 650 | 7 |
_aResponsabilidad educativa _2 _926819 |
|
| 650 | 4 |
_aEducación _xPlanificación _91146 |
|
| 650 | 7 |
_aEducación internacional _2 _97351 |
|
| 902 | _aVíctor Ruiz/280922 | ||
| 942 |
_2lcc _cLIBRO |
||
| 999 |
_c203899 _d203899 |
||